00612 2200205 4500001002100000005001500021008004100036020001800077035002500095041000800120082001000128090001000138100001600148245011300164250001600277260003000293300002700323500000800350650004800358INLIS00000000000692820130515164811 ind  a979-3600-89-6 a0010-051300000006928 aind a363.4 a363.4 aGerrie, Lim aInvisible Trade Perdagangan Terselubung (Seks Komersil Kalangan Atas Singapura)/ penerjemah, Andre, Syahreza aCetakan : 1 aJakartabGagasMediac2005 aviii, 250 hlm. ;19 cm. a247 aLain-Lain Masalahy-Masalah Pelayanan Sosial